| 000 | 00561nam a2200181Ia 4500 | ||
|---|---|---|---|
| 003 | GCL | ||
| 008 | 140319s9999 xx 000 0 ara d | ||
| 040 |
_aGCL / _cGCL |
||
| 082 | 0 | 4 |
_a591 _bق خ |
| 100 | 1 | _aقدرى الارضروملى | |
| 245 | 1 | 0 |
_aالخيل العراب وفضلها على الانسال العالمية / _cقدرى الارضروملى |
| 260 |
_aالعراق : _bالدار العربية |
||
| 300 |
_a202 ؛ _c28 سم |
||
| 490 | _a | ||
| 650 | 0 | 4 | _aالخيل |
| 650 | 0 | 4 | _aالحيوانات الاليفة |
| 942 |
_2ddc _cBK |
||
| 999 |
_c36427 _d36427 |
||